Elektronikus és Digitális Pénzeszközök Elterjedése a Modern Gazdaságban

Bibliográfiai részletek
Szerző: Tiborszky András
További közreműködők: Ábel Prof. Dr. István
Dokumentumtípus: Diplomadolgozat
Kulcsszavak:Jegybankpénz
Bitcoin
Bank
Online Access:http://dolgozattar.uni-bge.hu/21072

MARC

LEADER 00000nta a2200000 i 4500
001 dolg21072
005 20190514140908.0
008 190514suuuu hu om 000 hun d
040 |a BGE Dolgozattár Repozitórium  |b hun 
041 |a hu 
100 1 |a Tiborszky András 
245 1 0 |a Elektronikus és Digitális Pénzeszközök Elterjedése a Modern Gazdaságban  |c Tiborszky András  |h [elektronikus dokumentum] 
246 1 1 |a Elektronikus és Digitális Pénzeszközök Elterjedése a Modern Gazdaságban 
695 |a Jegybankpénz 
695 |a Bitcoin 
695 |a Bank 
700 1 |a Ábel Prof. Dr. István  |e ths 
856 4 0 |u http://dolgozattar.uni-bge.hu/21072/1/Tiborszky_Andr%C3%A1s_P%C3%A9nz%C3%BCgy_V%C3%A1llalati_p%C3%A9nz%C3%BCgyek_szakir%C3%A1ny_IDII8M_v%C3%A9gleges_szakdolgozat.pdf  |z Dokumentum-elérés